Cuestion de hombres /

সংরক্ষণ করুন:
গ্রন্থ-পঞ্জীর বিবরন
প্রধান লেখক: Pastoriza Iyodo, Benito (লেখক)
অন্যান্য লেখক: Rivera, Carlos Manuel
বিন্যাস: গ্রন্থ
ভাষা:স্প্যানিশ
প্রকাশিত: [s.l.] : Xlibris, c2006
সংস্করন:2. ed
ট্যাগগুলো: ট্যাগ যুক্ত করুন
কোনো ট্যাগ নেই, প্রথমজন হিসাবে ট্যাগ করুন!

MARC

LEADER 00000nam a22000007i 4500
001 IT\ICCU\UBO\3182087
003 ItRI
005 20260115231831.0
008 070411s2006 xxu|||||| ||||| |||||c
020 |a 142573068X 
020 |a 9781425730680 
040 |b ita  |c importazione bologna sebina 
041 7 |a spa  |2 ISO-639-2 
100 1 |a Pastoriza Iyodo, Benito  |0 IT\ICCU\UBOV\096919  |4 aut 
245 1 0 |a Cuestion de hombres /  |c Benito Pastoriza Iyodo ; prologo por Carlos Manuel Rivera. 
250 |a 2. ed 
260 |a [s.l.] :  |b Xlibris,  |c c2006 
300 |a 101 p. ;  |c 23 cm. 
700 1 |a Rivera, Carlos Manuel  |0 IT\ICCU\UBOV\096921 
942 |2 ddc  |c BK  |n 0 
952 |0 0  |1 0  |4 0  |6 DOC_863_700000000000000_PAS  |7 0  |9 13811  |a BO  |b BO  |d 2026-01-15  |i 10962  |l 0  |o DOC 863.7 PAS  |p BO10962  |r 2026-01-15 23:18:31  |w 2026-01-15  |x [Sebina 5] [1 v.]  |y BK  |z 1 v. 
999 |c 11886  |d 11886